LEADER 01291cam2 22003011 450 001 SOBE00021660 005 20221214090017.0 100 $a20120120f0000 |||||ita|0103 ba 101 $aita 102 $aIT 200 0 $a2 210 $aMilano$cIstituto Editoriale Italiano$d[19..] 215 $a296 p.$cill.$d18 cm 225 2 $aImmortali e altri massimi scrittori. 1. Serie$fraccolta diretta da Luigi Luzzatti e Ferdinando Martini$v17 410 1$1001LAEC00019095$12001 $aGli *Immortali e altri massimi scrittori. 1. Serie / raccolta diretta da Luigi Luzzatti e Ferdinando Martini$v17 461 1$1001SOBE00021658$12001 $aNostra Signora di Parigi / Victor Hugo ; traduzione di Ercole Luigi Morselli ; con uno studio di Cesare Cantù 700 1$aHugo$b, Victor$3AF00004834$4070$0444801 702 1$aMorselli, Ercole Luigi$3A600200030315$4070 702 1$aCantù, Cesare <1804-1895>$3A600200040362$4070 801 0$aIT$bUNISOB$c20221214$gRICA 850 $aUNISOB 852 $aUNISOB$j000|Coll|53|K$m62343 912 $aSOBE00021660 940 $aM 102 Monografia moderna SBN 941 $aW 957 $a000|Coll|53|K$b000014$i-2$gSI$d62343$racquisto$tN$1vittorini$2UNISOB$3UNISOB$420120120111942.0$520120326094344.0$6vittorini 996 $a2$91483257 997 $aUNISOB LEADER 01852nam 2200589 450 001 996466853603316 005 20220908133921.0 010 $a3-540-36431-5 024 7 $a10.1007/BFb0060992 035 $a(CKB)1000000000438624 035 $a(SSID)ssj0000326996 035 $a(PQKBManifestationID)12089251 035 $a(PQKBTitleCode)TC0000326996 035 $a(PQKBWorkID)10297135 035 $a(PQKB)10820361 035 $a(DE-He213)978-3-540-36431-3 035 $a(MiAaPQ)EBC5610598 035 $a(Au-PeEL)EBL5610598 035 $a(OCoLC)1078997435 035 $a(MiAaPQ)EBC6842293 035 $a(Au-PeEL)EBL6842293 035 $a(OCoLC)1125730270 035 $a(PPN)155205269 035 $a(EXLCZ)991000000000438624 100 $a20220908d1970 uy 0 101 0 $aeng 135 $aurnn|008mamaa 181 $ctxt 182 $cc 183 $acr 200 10$aStructure of arbitrary purely inseparable extension fields /$fJ. N. Mordeson, B. Vinograde 205 $a1st ed. 1970. 210 1$aBerlin, Germany :$cSpringer,$d[1970] 210 4$d©1970 215 $a1 online resource (VI, 142 p.) 225 1 $aLecture Notes in Mathematics,$x0075-8434 ;$v173 300 $aBibliographic Level Mode of Issuance: Monograph 311 $a3-540-05295-X 327 $aGenerators -- Intermediate fields -- Some applications. 410 0$aLecture Notes in Mathematics,$x0075-8434 ;$v173 606 $aField extensions (Mathematics) 615 0$aField extensions (Mathematics) 676 $a512.32 700 $aMordeson$b John N.$063000 702 $aVinograde$b Bernard$f1915- 801 0$bMiAaPQ 801 1$bMiAaPQ 801 2$bMiAaPQ 906 $aBOOK 912 $a996466853603316 996 $aStructure of arbitrary purely inseparable extension fields$92909877 997 $aUNISA